Updated Top 5 Cities in North Carolina by Population - Statistics

General Stats
  • This quiz has been taken 47 times
  • The average score is 4 of 5
Answer Stats
County City % Correct
Mecklenburg Charlotte
100%
Wake Raleigh
97%
Forsyth Winston-Salem
82%
--------- Durham
76%
Guilford Greensboro
76%
No matching quizzes found
Score Distribution
Percent of People with Each Score
Percentile by Number Answered
Your Score History
You have not taken this quiz